Математические методы в программировании: учебник для среднего профессионального образования

Dades bibliogràfiques
Autor principal: Агальцов В. П. Виктор Петрович
Altres autors: Волдайская И. В. Ирина Викторовна
Sumari:Рассматриваются прикладные математические методы и модели, в том числе методы математического программирования (поиск экстремума, линейное, нелинейное, динамическое программирование), системы массового обслуживания. В книге особое внимание уделено целостному, простому и ясному изложению учебного материала. В учебнике показана связь между отдельными главами, использование однотипных методов (алгоритмов) для решения разных задач. Приведено подробное описание всех алгоритмов. Предназначен для учащихся средних специальных учебных заведений по группе специальностей «Информатика и вычислительная техника», также может быть полезен студентам высших учебных заведений, преподавателям и широкому кругу программистов.
Idioma:rus
Publicat: Москва, Инфра-М, 2006
Col·lecció:Учимся программировать
Профессиональное образование
Matèries:
Format: Llibre
KOHA link:https://koha.lib.tpu.ru/cgi-bin/koha/opac-detail.pl?biblionumber=121104

MARC

LEADER 00000nam0a2200000 4500
001 121104
005 20231031125304.0
010 |a 581990267X 
010 |a 5-16-002652-5 
035 |a (RuTPU)RU\TPU\book\131128 
090 |a 121104 
100 |a 20070910d2006 m y0rusy50 ca 
101 0 |a rus 
102 |a RU 
105 |a a j 001zy 
200 1 |a Математические методы в программировании  |e учебник для среднего профессионального образования  |f В. П. Агальцов, И. В. Волдайская 
210 |a Москва  |c Инфра-М  |c Форум  |d 2006 
215 |a 224 с.  |c ил. 
225 1 |a Учимся программировать 
225 1 |a Профессиональное образование 
320 |a Литература: с. 220. 
330 |a Рассматриваются прикладные математические методы и модели, в том числе методы математического программирования (поиск экстремума, линейное, нелинейное, динамическое программирование), системы массового обслуживания. В книге особое внимание уделено целостному, простому и ясному изложению учебного материала. В учебнике показана связь между отдельными главами, использование однотипных методов (алгоритмов) для решения разных задач. Приведено подробное описание всех алгоритмов. Предназначен для учащихся средних специальных учебных заведений по группе специальностей «Информатика и вычислительная техника», также может быть полезен студентам высших учебных заведений, преподавателям и широкому кругу программистов. 
610 1 |a программирование 
610 1 |a математические методы 
610 1 |a учебники 
610 1 |a математическое программирование 
610 1 |a линейное программирование 
610 1 |a транспортные задачи 
610 1 |a целочисленное программирование 
610 1 |a динамическое программирование 
610 1 |a нелинейное программирование 
610 1 |a планирование 
610 1 |a сетевые методы 
610 1 |a массовое обслуживание 
610 1 |a системы массового обслуживания 
610 1 |a теория 
610 1 |a игры 
610 1 |a игровые модели 
675 |a 519.8(075.32)  |v 3 
700 1 |a Агальцов  |b В. П.  |g Виктор Петрович 
701 1 |a Волдайская  |b И. В.  |g Ирина Викторовна 
801 1 |a RU  |b 63413507  |c 20070910  |g PSBO 
801 2 |a RU  |b 63413507  |c 20170627  |g PSBO 
900 |a Математические методы 
942 |c BK 
952 |b 230000  |b 230100 
959 |a 53/20070904  |d 1  |e 79,90  |f ЧЗТЛ:1